[Event "Balaguer op 16th "]
[Site "Balaguer"]
[Date "2011.07.22"]
[Round "6"]
[White "Leon Valera, Jose"]
[Black "Tuz, Mykola"]
[Result "0-1"]
[WhiteElo "1859"]
[BlackElo "2080"]
[PlyCount "48"]
[EventDate "2011.07.17"]
[EventType "swiss"]
[EventRounds "9"]
[EventCountry "ESP"]
[SourceTitle "CBM 143 Extra"]
[Source "ChessBase"]
[SourceDate "2011.08.29"]
[SourceVersion "1"]
[SourceVersionDate "2011.08.29"]
[SourceQuality "1"]

1. d4 Nf6 2. c4 g6 3. Nc3 Bg7 4. Nf3 0-0 5. e4 d6 6. Be2 Nbd7 7. 0-0 e5 8. d5 a5 9. Bg5 Nc5 10. Qc1 Bd7 11. Qe3 Qc8 12. Bxf6 Bxf6 13. h3 Qd8 14. Qd2 b6 15. Rab1 Kg7 16. Nd1 h6 17. b3 Kh7 18. a3 Qe7 19. b4 Nb7 20. Qe3 Bg7 21. Bd3 axb4 22. axb4 Ra6 23. Qd2 Rfa8 24. Rb3 Qe8 0-1

[Event "Balaguer op 16th "]
[Site "Balaguer"]
[Date "2011.07.17"]
[Round "1"]
[White "Leon Valera, Jose"]
[Black "Volodin, Aleksandr"]
[Result "0-1"]
[WhiteElo "1859"]
[BlackElo "2523"]
[PlyCount "82"]
[EventDate "2011.07.17"]
[EventType "swiss"]
[EventRounds "9"]
[EventCountry "ESP"]
[SourceTitle "EXT 2012"]
[Source "ChessBase"]
[SourceDate "2011.11.24"]
[SourceVersion "1"]
[SourceVersionDate "2011.11.24"]
[SourceQuality "1"]

1. d4 Nf6 2. c4 c5 3. d5 b5 4. e3 bxc4 5. Bxc4 d6 6. Nc3 g6 7. Nf3 Bg7 8. e4 0-0 9. 0-0 Nbd7 10. Bg5 Rb8 11. Rb1 h6 12. Be3 Ng4 13. Bd2 Qb6 14. h3 Nge5 15. Nxe5 Nxe5 16. Be2 Ba6 17. b3 Kh7 18. Kh1 Qb7 19. f4 Nd7 20. Qc2 Rfc8 21. Bc4 Rf8 22. Ne2 Bxc4 23. Qxc4 Nb6 24. Qc2 f5 25. Bc3 fxe4 26. Bxg7 Kxg7 27. Qxe4 Nxd5 28. Rbd1 Nf6 29. Qe6 Qe4 30. Qxe4 Nxe4 31. Rf3 Rf7 32. Kh2 Rb4 33. a3 Rb8 34. Re3 Nf6 35. g3 g5 36. Kg2 a5 37. Rdd3 Rb7 38. g4 Nd7 39. Re4 d5 40. Ra4 c4 41. bxc4 Nc5 0-1